Todos os Pokémons tipo água 1°Geração - Kanto - Statistics

Estatísticas Gerais
  • Esse quiz foi jogado 129 vezes
  • A pontuação média é 21 de 32
Estatísticas das Respostas
Tipo Pokemon % Correto
Água Squirtle
100%
Água Blastoise
94%
Água Magikarp
82%
Água Wartortle
81%
Água Psyduck
77%
Água/Voador Gyarados
76%
Água Golduck
75%
Água/Psíquico Starmie
73%
Água/venenoso Tentacruel
73%
Água/Venenoso Tentacool
72%
Água/Gelo Lapras
71%
Água Goldeen
70%
Água Poliwag
70%
Água Staryu
70%
Água/Lutador Poliwrath
68%
Água Horsea
65%
Água Poliwhirl
65%
Água Seel
63%
Água/Gelo Dewgong
62%
Água Seadra
62%
Água Seaking
62%
Pedra/Água Omastar
61%
Água Vaporeon
61%
Pedra/Água Kabuto
60%
Pedra/Água Omanyte
60%
Pedra/Água Kabutops
59%
Água/Psíquico Slowpoke
56%
Água/Gelo Cloyster
55%
Água/Psíquico Slowbro
55%
Água Shellder
54%
Água Krabby
47%
Água Kingler
42%
Nenhum quiz correspondente encontrado
Distribuição das Pontuações
Porcentagem de Pessoas com Cada Pontuação
Percentil de Números Respondidos
Sua Pontuação Histórica
Você não jogou esse quiz